000
00311nam a22001217a 4500
008
230623b xxu||||| |||| 00| 0 eng d
020
_a
996699856X
082
_a
330
_b
IEA 2002
245
_a
The Little Fact Book
260
_a
Nairobi
_b
The Institute of Economic Affairs
_c
2002
300
_a
X,81p
942
_2
ddc
_c
BK
999
_c
2517
_d
2517